• 首页
  • 本馆介绍
  • 公告通知
  • 最新文献
  • 馆藏检索
  • 电子资源
  • 读者导购
  • 参考咨询
  • 我的图书馆
  • 登录
  • 详细信息显示
  • 放入我的书架
  • 预约/预借图书
  • 作者相关作品
  • 分类相关作品
  • 丛书相关作品
  • 出版社相关作品

书目信息

  • 表格格式
  • 工作单格式
  • 卡片格式
题名:
识字游戏益智迷宫
    
 
作者: 崔钟雷 主编
分册:   拼音训练
出版信息: 哈尔滨   黑龙江美术出版社  2017.09
页数: 33页
开本: 29cm
丛书名:
单 册:
中图分类: G613.2
科图分类:
主题词: 汉语拼音--学前教育--教学参考资料
电子资源:
ISBN: 978-7-5593-1728-5
000 00908nam0 2200241 450
001 0103152708
005 20201103152734.0
010    @a978-7-5593-1728-5@dCNY19.80
100    @a20180819e20182017bemy0chiy50 ea
101 0  @achi
102    @aCN@b230000
105    @aa z 000yy
106    @ar
200 1  @a识字游戏益智迷宫@Ashi zi you xi yi zhi mi gong@i拼音训练@f崔钟雷主编
210    @a哈尔滨@c黑龙江美术出版社@d2017.09@h2018.03
215    @a33页@c彩图@d29cm
300    @a越玩越聪明的识字迷宫
330    @a这是一本集趣味性、知识性于一体的迷宫游戏书,突破传统看字母,学拼音的方式,通过迷宫的形式,对拼音中的声母、韵母、音节等进行训练,开发幼儿智能的同时,帮助幼儿更好地掌握拼音基础知识,让幼儿轻松学拼音。.
606 0  @a汉语拼音@x学前教育@j教学参考资料
690    @aG613.2@v5
701  0 @a崔钟雷@Acui zhong lei@f(1964-)@4主编
801  0 @aCN@bBJSZM@c20201103
905    @b1258766-70@dG613.2@e1150@f5
    
    识字游戏益智迷宫.拼音训练/崔钟雷主编.-哈尔滨:黑龙江美术出版社,2017.09(2018.03)
    33页:彩图;29cm
    越玩越聪明的识字迷宫
    
    ISBN 978-7-5593-1728-5:CNY19.80
    这是一本集趣味性、知识性于一体的迷宫游戏书,突破传统看字母,学拼音的方式,通过迷宫的形式,对拼音中的声母、韵母、音节等进行训练,开发幼儿智能的同时,帮助幼儿更好地掌握拼音基础知识,让幼儿轻松学拼音。.
●
相关链接 在E读中查询图书 在五车中查询图书 在当当中查询图书 在豆瓣中查询图书


正题名:识字游戏益智迷宫     索取号:G613.2/1150         预约/预借

序号 登录号 条形码 馆藏地/架位号 状态 备注
1 1258766   212587663   第一样本阅览室/ [索取号:G613.2/1150] 在馆    
2 1258767   212587672   教育系资料室/ [索取号:G613.2/1150] 在馆    
3 1258768   212587681   教育系资料室/ [索取号:G613.2/1150] 在馆    
4 1258769   212587690   第四借阅区/ [索取号:G613.2/1150] 在馆    
5 1258770   212587707   第四借阅区/ [索取号:G613.2/1150] 在馆    
唐山师范学院图书馆 欢迎您!
大连网信软件有限公司© 版权所有